Most Games with Salah - Statistics

General Stats
  • This quiz has been taken 166 times
  • The average score is 7 of 10
Answer Stats
Hint Answer % Correct
ST, Liverpool Roberto Firmino
97%
LW, Liverpool Sadio Mane
96%
CM, Liverpool Jordan Henderson
92%
LB, Liverpool Andy Robertson
89%
CM, Liverpool James Milner
73%
CM, Liverpool Georginio Wijnaldum
71%
CDM, Arsenal Mohammed Elneny
57%
GK, Borussia M'bach Yann Sommer
55%
CB, Roma Kostantinos Manolas
39%
CM, Inter Milan Radja Nainggolan
20%
No matching quizzes found
Score Distribution
Percent of People with Each Score
Percentile by Number Answered
Your Score History
You have not taken this quiz